| 000 | 03330cam a22002054a 4500 | ||
|---|---|---|---|
| 005 | 20250605163522.0 | ||
| 008 | 250528s ||||||||||||||||||||||||d | ||
| 035 | _a20953 | ||
| 020 | _a9789601430096 | ||
| 040 |
_aGR-AtMCL _bgre _dGR-AtMCL _eAACR2 |
||
| 245 | 1 | _aΣυμπεριφορά Καταναλωτή | |
| 260 |
_bΑ. Α. Λιβάνη, _c2016 |
||
| 300 | _a784 | ||
| 505 | 0 | _aΕισαγωγή στον Κόσμο του Καταναλωτή, Έρευνα Συμπεριφοράς Καταναλωτή, Τμηματοποίηση Αγοράς και Τοποθέτηση Προιόντος, Διαδικασία Λήψης Αποφάσεων Καταναλωτή, Αντίληψη Καταναλωτή, Ανάμειξη και Μάθηση και Προσήλωση Καταναλωτή, Αυτοεικόνα και Προσωπικότητα, Στάσεις και Πειθώ, Δημογραφικά Χαρακτηριστικά Καταναλωτών Οικογένεια και Νοικοκυριά, Αξίες και Τρόπος Ζωής και Ψυχογραφικά Χαρακτηριστικά Καταναλωτή, Κουλτούρα και Συμπεριφορά Καταναλωτή, Η Κουλτούρα της Κατανάλωσης, Καθοδηγητές Γνώμης και Ομάδες Αναφοράς και Επιδράσεις Περίστασης, Επιλογή Καταστήματος και Αγοραστική Συμπεριφορά, Συμπεριφορά Βιομηχανικού Αγοραστή, Ικανοποίηση και Διατήρηση του Πελάτη, Καταναλωτής και Καταναλωτισμός και Δημόσια Πολιτική, Ο Καταναλωτής Μόδας, Καταναλωτές σε (στην) Κρίση. | |
| 520 | _aΕισαγωγή στον Κόσμο του Καταναλωτή, Έρευνα Συμπεριφοράς Καταναλωτή, Τμηματοποίηση Αγοράς και Τοποθέτηση Προιόντος, Διαδικασία Λήψης Αποφάσεων Καταναλωτή, Αντίληψη Καταναλωτή, Ανάμειξη και Μάθηση και Προσήλωση Καταναλωτή, Αυτοεικόνα και Προσωπικότητα, Στάσεις και Πειθώ, Δημογραφικά Χαρακτηριστικά Καταναλωτών Οικογένεια και Νοικοκυριά, Αξίες και Τρόπος Ζωής και Ψυχογραφικά Χαρακτηριστικά Καταναλωτή, Κουλτούρα και Συμπεριφορά Καταναλωτή, Η Κουλτούρα της Κατανάλωσης, Καθοδηγητές Γνώμης και Ομάδες Αναφοράς και Επιδράσεις Περίστασης, Επιλογή Καταστήματος και Αγοραστική Συμπεριφορά, Συμπεριφορά Βιομηχανικού Αγοραστή, Ικανοποίηση και Διατήρηση του Πελάτη, Καταναλωτής και Καταναλωτισμός και Δημόσια Πολιτική, Ο Καταναλωτής Μόδας, Καταναλωτές σε (στην) Κρίση. | ||
| 700 | 1 | _aΣιώμκος Γεώργιος Ι | |
| 942 | _cBK | ||
| 999 |
_c6030 _d6030 |
||